Acciones innovadoras OSC. (Record no. 159489)

MARC details
000 -CABECERA
campo de control de longitud fija 00772nam a2200205 a 4500
005 - FECHA Y HORA DE LA ÚLTIMA TRANSACCIÓN
campo de control 20240522063716.0
008 - ELEMENTOS DE LONGITUD FIJA--INFORMACIÓN GENERAL
campo de control de longitud fija 121011s2010 mx r 000 0 spa d
035 ## - NÚMERO DE CONTROL DEL SISTEMA
Número de control de sistema UPN01000187386
049 ## - COLECCIÓN
Colección F
050 #4 - SIGNATURA TOPOGRÁFICA DE LA BIBLIOTECA DEL CONGRESO
Número de clasificación LC4015
Número de documento/Ítem A2.2
245 00 - MENCIÓN DE TÍTULO
Título Acciones innovadoras OSC.
260 ## - PUBLICACIÓN, DISTRIBUCIÓN, ETC.
Lugar de publicación, distribución, etc. México :
Nombre del editor, distribuidor, etc. DIF,
Fecha de publicación, distribución, etc. 2010.
300 ## - DESCRIPCIÓN FÍSICA
Extensión 39 p. :
Otras características físicas cuadros, il. col.
440 #0 - MENCIÓN DE SERIE/ASIENTO SECUNDARIO--TÍTULO
Título Concurso nacional de prácticas de las organizaciones de la sociedad civil, investigación y tesis sobre discapacidad 2010
586 ## - NOTA DE PREMIOS
Nota de premios "Primer lugar: Saltando fronteras, la transferencia de la educación conductiva a México"
586 ## - NOTA DE PREMIOS
Nota de premios "Segundo lugar: Calidad de vida y discapacidad intelectual"
650 #4 - ASIENTO SECUNDARIO DE MATERIA - TERMINO TEMATICO
Término de materia o nombre geográfico como elemento de entrada Personas con discapacidad
Subdivisión general Educación
9 (RLIN) 12106
905 ## - TIPO DE MATERIAL
Tipo de material Libro
Holdings
Estado de retiro Estado de pérdida Fuente del sistema de clasificación o colocación Estado dañado No para préstamo Código de colección Localización permanente Ubicación/localización actual Ubicación en estantería Fecha de adquisición Clasificación Código de barras Fecha visto por última vez Número de copia Tipo de ítem Koha
    Library of Congress Classification   Disponible (Préstamo en sala) Folletería Bib. Gregorio Torres Quintero Bib. Gregorio Torres Quintero Colecciones especiales Planta alta 04/05/2023 LC4015 A2.2 285525 31/12/2020 1 Folleto